Собрание сочинений. Т. 103: Проза (Record no. 10761120)

MARC details
000 -МАРКЕР
контрольное поле 01894nam2a2200349 4500
001 - ИДЕНТИФИКАТОР ЗАПИСИ
контрольное поле RU\NLR\BIBL_A\010355395
005 - ИДЕНТИФИКАТОР ВЕРСИИ
контрольное поле 20260405071907.0
010 ## - МЕЖДУНАРОДНЫЙ СТАНДАРТНЫЙ НОМЕР КНИГИ (ISBN)
Номер (ISBN) 978-5-8382-0623-7
Тираж 1000
035 ## - ДРУГИЕ СИСТЕМНЫЕ НОМЕРА
Идентификатор записи (NLR Aleph) 010355395
100 ## - ДАННЫЕ ОБЩЕЙ ОБРАБОТКИ
Данные общей обработки 20140512d2013 |||y0rusy50 ca
101 0# - ЯЗЫК РЕСУРСА
Язык текста, звукозаписи и т.д. русский
-- английский
102 ## - СТРАНА ПУБЛИКАЦИИ ИЛИ ПРОИЗВОДСТВА
Страна публикации российская федерация
105 ## - ПОЛЕ КОДИРОВАННЫХ ДАННЫХ: ТЕКСТОВЫЕ МАТЕРИАЛЫ, МОНОГРАФИЧЕСКИЕ
Кодированные данные о монографическом текстовом документе a ||z||||10zd
200 1# - ЗАГЛАВИЕ И СВЕДЕНИЯ ОБ ОТВЕТСТВЕННОСТИ
Основное заглавие Проза
Параллельное заглавие Prose
Язык параллельного заглавия английский
210 ## - ПУБЛИКАЦИЯ, РАСПРОСТРАНЕНИЕ И ДР.
Дата издания, распространения и т.д. 2013
Место издания, распространения и т.д. Б. м.
215 ## - ФИЗИЧЕСКАЯ ХАРАКТЕРИСТИКА
Специфическое обозначение материала и объем 289 c.
Другие сведения о физической характеристике ил., цв. ил., портр.
300 ## - ОБЩИЕ ПРИМЕЧАНИЯ
Текст примечания На обл. также загл. произведения, включенного в том: Мировые рекорды в пустыне Синая
300 ## - ОБЩИЕ ПРИМЕЧАНИЯ
Текст примечания Авт. также на англ. яз.: A.N. Ezove
300 ## - ОБЩИЕ ПРИМЕЧАНИЯ
Текст примечания Текст парал. на рус. и англ. яз.
320 ## - ПРИМЕЧАНИЯ О НАЛИЧИИ В ДОКУМЕНТЕ БИБЛИОГРАФИИ / УКАЗАТЕЛЯ
Текст примечания Др. худож. произведения авт.: с. 278-288 (156 назв.)
327 1# - ПРИМЕЧАНИЯ О СОДЕРЖАНИИ
Текст примечания Содерж.: В пустыне Синая с гирей: по Библейским местам: впервые в мире: ч. 2
461 #0 - УРОВЕНЬ НАБОРА
Встроенное поле 001RU\NLR\bibl\463973
-- 2000#$aСобрание сочинений$dCollected works$eВ 25 т.$fА.Н. Ежов$gМ-во образования Рос. Федерации и др.$zeng$vТ. 103
-- 700#1$3RU\NLR\auth\7718468$aЕжов$bА. Н.$f1946-$gАнатолий Николаевич$4070
Системный номер (АБИС) связанной записи 911945
Автор Ежов, А. Н. (1946-)
Место публикации М.
Дата публикации 2003
Первые сведения об ответственности А.Н. Ежов
Параллельное заглавие Collected works
Имя издателя, распространителя и т.д. Юпитер
Сведения, относящиеся к заглавию В 25 т.
Заглавие Собрание сочинений
Номер тома Т. 103
510 1# - ПАРАЛЛЕЛЬНОЕ ЗАГЛАВИЕ
Связь между полями z20790
Параллельное заглавие Prose
Язык заглавия английский
512 1# - ЗАГЛАВИЕ ОБЛОЖКИ
Заглавие обложки Мировые рекорды в пустыне Синая, ч. 2
686 2# - ИНДЕКСЫ ДРУГИХ КЛАССИФИКАЦИЙ
Индекс Ш6(2=Р)8-464.3
790 #1 - ИМЯ ЛИЦА - АЛЬТЕРНАТИВНАЯ ФОРМА
Материалы, к которым относится поле rus
Графика поля Латинская
Начальный элемент ввода Ežov
Часть имени, кроме начального элемента ввода A. N.
Даты 1946-
Расширение инициалов личного имени Anatolij Nikolaevič
Идентификатор авторитетной/нормативной записи RU\NLR\AUTH\7718469
Системный номер авторитетной/нормативной записи 1546
942 ## - ДОПОЛНИТЕЛЬНЫЕ ЭЛЕМЕНТЫ ЗАПИСИ (АБИС)
Тип экземпляра АБИС Книга
980 ## - КОЛЛЕКЦИЯ
Название коллекции Национальная библиография
预约
Тип экземпляра Дата поступления Источник поступления Стоимость Библиотека постоянного хранения Библиотека текущего хранения Место хранения Шифр хранения Штрих-код Статус не для выдачи
Книга 12.05.2014 Дар 0.00 РНБ (Московский) РНБ (Московский) Русский книжный фонд: издания с 1957 года, 3этаж 2003-8/2972 1-452377